| 000 | 00625cam a2200217 i 4500 | ||
|---|---|---|---|
| 999 |
_c124842 _d124842 |
||
| 001 | 20699893 | ||
| 005 | 20211201100227.0 | ||
| 008 | 181009s2019 nyua b 001 0 eng | ||
| 020 | _a9781319114657 | ||
| 040 | _cPK-LaUMT | ||
| 082 | 0 | 0 |
_a612.1111 _bBIO- |
| 245 | 1 | 0 |
_aBiochemistry / _cby Jeremy M. Berg . . . [et al.] |
| 250 | _a9th ed. | ||
| 260 |
_aNew York : _bMacmillan International, _c2019 |
||
| 300 |
_axlii, 1096, 45, 60, 45 p. : _billustrations (some color) ; _c29 cm |
||
| 650 | 0 | _aBiochemistry | |
| 700 | 1 | _aTymoczko, John L., | |
| 700 | 1 | _aGatto, Gregory J., | |
| 700 | 1 | _aStryer, Lubert, | |
| 942 | _cBK | ||